000 00792nmc a2200289 a 4500
003 AR-BaBNM
005 20251128203450.0
008 017019s1978 ||||||||||||||000 | spa||
040 _cAR-BaBNM
100 1 _aLarsen, E.
245 1 0 _aLa historia de los inventos y el progreso técnico
_blas máquinas
250 _a1ª ed.
260 _aBuenos Aires
_bKapelusz
_c1978
300 0 _a77 p.
_bil.
490 0 _aClub de ciencias
_vv. 11
650 4 _aPROGRESO TECNOLOGICO
650 4 _aINVENTOS
650 4 _aMAQUINAS
650 4 _aACTIVIDADES DE APRENDIZAJE
650 4 _aPROGRESO CIENTIFICO
650 4 _aENSENANZA DE LA CIENCIA
650 4 _aLIBROS PARA NINOS
650 4 _aHISTORIA DE LAS CIENCIAS
653 0 _aENSENANZA DE LA TECNOLOGIA
942 _cBK
998 _cCarmen
999 _c3511
_d3511